[Event "BRA-ch sf"]
[Site "Brasilia"]
[Date "2016.09.23"]
[Round "2.3"]
[White "De Queiroz, Glauber Pimentel"]
[Black "Maciel, Diogo Alves"]
[Result "0-1"]
[WhiteElo "1826"]
[BlackElo "2086"]
[PlyCount "86"]
[EventDate "2016.09.23"]
[EventType "tourn"]
[EventRounds "7"]
[EventCountry "BRA"]
[SourceTitle "EXT 2022"]
[Source "ChessBase"]
[SourceDate "2021.10.06"]
[SourceVersion "1"]
[SourceVersionDate "2021.10.06"]
[SourceQuality "1"]

1. d4 Nf6 2. c4 g6 3. Nc3 d5 4. cxd5 Nxd5 5. e4 Nxc3 6. bxc3 Bg7 7. Bc4 c5 8. Ne2 0-0 9. Be3 Qa5 10. 0-0 Nc6 11. dxc5 Ne5 12. Bb3 Ng4 13. Qc1 Qc7 14. Ng3 Bd7 15. h3 Nxe3 16. Qxe3 Rac8 17. Rfd1 Be8 18. Rac1 Qxc5 19. Qxc5 Rxc5 20. Rd3 Bb5 21. c4 Rfc8 22. Rcd1 Bxc4 23. Rd8+ Rxd8 24. Rxd8+ Bf8 25. Bxc4 Rxc4 26. Rd2 e6 27. Kf1 h5 28. f3 Kg7 29. Rb2 Bd6 30. Ne2 b6 31. Ke1 Be5 32. Rb3 Ra4 33. Nc1 Kf6 34. Kd1 Rd4+ 35. Nd3 g5 36. g4 hxg4 37. hxg4 Rd8 38. Ke2 Rh8 39. Nxe5 Kxe5 40. Ke3 Rc8 41. Rb5+ Rc5 42. a4 Rxb5 43. axb5 f6 0-1

[Event "BRA-ch sf"]
[Site "Brasilia"]
[Date "2016.09.23"]
[Round "4.2"]
[White "De Queiroz, Glauber Pimentel"]
[Black "Nascimento, Pedro Henrique Alve"]
[Result "0-1"]
[WhiteElo "1826"]
[BlackElo "1935"]
[PlyCount "94"]
[EventDate "2016.09.23"]
[EventType "tourn"]
[EventRounds "7"]
[EventCountry "BRA"]
[SourceTitle "EXT 2022"]
[Source "ChessBase"]
[SourceDate "2021.10.06"]
[SourceVersion "1"]
[SourceVersionDate "2021.10.06"]
[SourceQuality "1"]

1. Nf3 Nf6 2. c4 g6 3. Nc3 Bg7 4. g3 b6 5. Bg2 Bb7 6. 0-0 0-0 7. d4 d6 8. Re1 Nbd7 9. e4 e5 10. Bg5 h6 11. Bd2 exd4 12. Nxd4 Ne8 13. Be3 Ne5 14. Qe2 Ba6 15. b3 c5 16. Ndb5 Bxb5 17. cxb5 Nf3+ 18. Bxf3 Bxc3 19. Bxh6 Ng7 20. Qd1 Bxe1 21. Qxe1 Qf6 22. Qd1 Rac8 23. Rc1 Rfe8 24. h4 Ne6 25. Bg4 Rc7 26. Bxe6 Qxe6 27. Rc4 Rd7 28. Qf3 d5 29. exd5 Rxd5 30. Be3 Red8 31. Re4 Qd7 32. Bg5 Rf5 33. Qe2 Qd1+ 34. Kg2 Qxe2 35. Rxe2 Ra8 36. g4 Rd5 37. Bf6 Rd6 38. g5 Re6 39. Rd2 Re4 40. Kg3 Rb4 41. Rd5 Rxb5 42. Bc3 a6 43. Kf4 Rc8 44. Rd6 c4 45. b4 Rf5+ 46. Kg3 a5 47. Rxb6 Rd5 0-1

[Event "Brasilia Ascade op"]
[Site "Brasilia"]
[Date "2016.01.31"]
[Round "4"]
[White "De Queiroz, Glauber Pimentel"]
[Black "Labussiere, Victor"]
[Result "1-0"]
[WhiteElo "1787"]
[BlackElo "1600"]
[PlyCount "107"]
[EventDate "2016.01.29"]
[EventType "swiss"]
[EventRounds "5"]
[EventCountry "BRA"]
[SourceTitle "CBM 170 Extra"]
[Source "ChessBase"]
[SourceDate "2016.02.25"]
[SourceVersion "1"]
[SourceVersionDate "2016.02.25"]
[SourceQuality "1"]

1. e4 c5 2. Nf3 d6 3. d4 cxd4 4. Nxd4 Nf6 5. Nc3 e6 6. Be3 Nc6 7. Bc4 Be7 8. Bb3 0-0 9. g4 Nd7 10. Qe2 a6 11. 0-0-0 Nxd4 12. Bxd4 Qc7 13. f4 Nc5 14. f5 Nxb3+ 15. cxb3 e5 16. Be3 b5 17. Kb1 Bb7 18. g5 Rac8 19. Qf2 b4 20. Nd5 Bxd5 21. Rxd5 Rfd8 22. f6 Bf8 23. Bb6 Qb7 24. Bxd8 Rxd8 25. Rc1 Rc8 26. Rxc8 Qxc8 27. Qg2 Qb8 28. Rd1 Qb6 29. Qf3 a5 30. fxg7 Bxg7 31. Rf1 Qb7 32. Qf5 Qa7 33. Qc8+ Bf8 34. Qc4 Bg7 35. h4 Qd7 36. h5 Qe6 37. h6 Qxc4 38. bxc4 Bf8 39. Kc2 a4 40. a3 bxa3 41. bxa3 Be7 42. Rb1 f6 43. Rb8+ Kf7 44. g6+ Kxg6 45. Rg8+ Kxh6 46. Kc3 Kh5 47. Re8 Kg4 48. Rxe7 h5 49. Re6 h4 50. Rxd6 h3 51. Rxf6 h2 52. Rh6 Kg3 53. c5 Kg2 54. c6 1-0

[Event "Brasilia Ascade op"]
[Site "Brasilia"]
[Date "2016.01.30"]
[Round "3"]
[White "Da Silva, Renato Claudio Melo"]
[Black "De Queiroz, Glauber Pimentel"]
[Result "0-1"]
[WhiteElo "1595"]
[BlackElo "1787"]
[PlyCount "94"]
[EventDate "2016.01.29"]
[EventType "swiss"]
[EventRounds "5"]
[EventCountry "BRA"]
[SourceTitle "CBM 170 Extra"]
[Source "ChessBase"]
[SourceDate "2016.02.25"]
[SourceVersion "1"]
[SourceVersionDate "2016.02.25"]
[SourceQuality "1"]

1. c4 Nf6 2. e3 c5 3. Nc3 Nc6 4. d4 cxd4 5. exd4 d5 6. Nf3 Bg4 7. cxd5 Nxd5 8. Be2 g6 9. h3 Bf5 10. 0-0 Bg7 11. Be3 0-0 12. Nh4 Be6 13. Qd2 Nxe3 14. fxe3 Nb4 15. a3 Nd5 16. e4 Nxc3 17. bxc3 Rc8 18. Nf3 Bc4 19. Bxc4 Rxc4 20. Qb2 Qc7 21. e5 Bh6 22. Rfd1 Rxc3 23. d5 Qc5+ 24. Kh1 Rc2 25. Qd4 Rd8 26. Qxc5 Rxc5 27. d6 exd6 28. exd6 Rc6 29. Rab1 b6 30. d7 Rc7 31. Ne5 Bg7 32. Re1 Bxe5 33. Rxe5 Rcxd7 34. Rbe1 Rd1 35. Rxd1 Rxd1+ 36. Kh2 Rd7 37. a4 Rb7 38. Kg3 a6 39. Kf4 b5 40. a5 b4 41. Re2 f6 42. Rb2 b3 43. Ke4 Kf7 44. Kd5 Rb5+ 45. Kc6 Ke6 46. g4 Ke5 47. Re2+ Kd4 0-1

[Event "Brasilia Inconfidencia Cup"]
[Site "Brasilia"]
[Date "2015.04.20"]
[Round "6"]
[White "Sopko, Cassio Roberto"]
[Black "De Queiroz, Glauber Pimentel"]
[Result "0-1"]
[WhiteElo "1969"]
[BlackElo "1819"]
[PlyCount "82"]
[EventDate "2015.04.17"]
[EventType "swiss"]
[EventRounds "6"]
[EventCountry "BRA"]
[SourceTitle "CBM 166 Extra"]
[Source "ChessBase"]
[SourceDate "2015.06.18"]
[SourceVersion "1"]
[SourceVersionDate "2015.06.18"]
[SourceQuality "1"]

1. Nf3 d5 2. c4 c6 3. b3 Bg4 4. Ne5 Bh5 5. g3 Nd7 6. Bb2 f6 7. Nxd7 Qxd7 8. d4 e6 9. a3 Bd6 10. Bg2 Ne7 11. 0-0 Rd8 12. Nc3 0-0 13. Qd2 dxc4 14. bxc4 Bc7 15. e3 Ba5 16. Qc2 b5 17. Qb3 Bxc3 18. Bxc3 Be2 19. cxb5 Bxf1 20. bxc6 Nxc6 21. Rxf1 Rb8 22. Qa2 Kh8 23. Rd1 Ne7 24. Bb4 Rfc8 25. Bh3 Nd5 26. e4 Nxb4 27. axb4 f5 28. d5 Rxb4 29. exf5 exf5 30. Qa1 Re4 31. d6 Rd8 32. Qb1 Re5 33. Qa1 Rde8 34. Qc3 Qe6 35. d7 Re1+ 36. Kg2 Rxd1 37. dxe8Q+ Qxe8 38. Bxf5 Qa8+ 39. Kh3 Qd5 40. Be4 Qe6+ 41. g4 Rg1 0-1

[Event "Brasilia Inconfidencia Cup"]
[Site "Brasilia"]
[Date "2015.04.19"]
[Round "5"]
[White "De Queiroz, Glauber Pimentel"]
[Black "Campos, Westerley Batista"]
[Result "1-0"]
[WhiteElo "1819"]
[BlackElo "1707"]
[PlyCount "89"]
[EventDate "2015.04.17"]
[EventType "swiss"]
[EventRounds "6"]
[EventCountry "BRA"]
[SourceTitle "CBM 166 Extra"]
[Source "ChessBase"]
[SourceDate "2015.06.18"]
[SourceVersion "1"]
[SourceVersionDate "2015.06.18"]
[SourceQuality "1"]

1. d4 d5 2. c4 dxc4 3. e4 e5 4. d5 a6 5. Bxc4 b5 6. Bb3 c5 7. Ne2 c4 8. Bc2 Nf6 9. 0-0 Bc5 10. b3 cxb3 11. axb3 0-0 12. Bb2 Nbd7 13. Nd2 Qb6 14. Ba3 Bxa3 15. Rxa3 Ne8 16. b4 Qh6 17. f4 Qd6 18. Qb1 g6 19. Kh1 Nef6 20. fxe5 Nxe5 21. Nd4 Neg4 22. N2f3 Nh5 23. Ne2 Bd7 24. h3 Ne5 25. Nxe5 Qxe5 26. Qa1 Qd6 27. Qd4 Rfc8 28. e5 Qe7 29. d6 Qe8 30. Bb3 Be6 31. d7 Qxd7 32. Qxd7 Bxd7 33. Rxf7 Be8 34. Rc7+ Kh8 35. Rxc8 Rxc8 36. Rxa6 Ng7 37. Nd4 Rc1+ 38. Kh2 Re1 39. Nf3 Re4 40. Ra8 Rf4 41. Bd5 h6 42. Bc6 Rxb4 43. Bxe8 Kh7 44. Bf7 Re4 45. Bg8+ 1-0

[Event "Brasilia FBX op"]
[Site "Brasilia"]
[Date "2015.03.01"]
[Round "5"]
[White "De Queiroz, Glauber Pimentel"]
[Black "Valcarcel, Victor Ignacio Sant"]
[Result "1-0"]
[WhiteElo "1814"]
[BlackElo "1669"]
[PlyCount "103"]
[EventDate "2015.02.27"]
[EventType "swiss"]
[EventRounds "5"]
[EventCountry "BRA"]
[SourceTitle "CBM 165 Extra"]
[Source "ChessBase"]
[SourceDate "2015.04.21"]
[SourceVersion "1"]
[SourceVersionDate "2015.04.21"]
[SourceQuality "1"]

1. d4 d5 2. Nf3 e6 3. Bf4 Nf6 4. c4 c6 5. Nc3 a6 6. Qb3 dxc4 7. Qxc4 b5 8. Qd3 c5 9. Rd1 Nc6 10. e4 cxd4 11. Nxd4 Nxd4 12. Qxd4 Qxd4 13. Rxd4 Bc5 14. Rd1 b4 15. Na4 Ba7 16. Bd3 Bd7 17. b3 0-0 18. Bd6 Rfd8 19. Bxb4 Bc6 20. f3 Bb5 21. Nb2 Bd4 22. Nc4 e5 23. Ke2 h5 24. h4 Ne8 25. Ba5 Bxc4 26. Bxc4 Rd7 27. Rd2 Nd6 28. Rc2 Nb7 29. Bd2 Rd6 30. Bd5 Rd7 31. b4 Ra7 32. Be3 Bxe3 33. Kxe3 Nd6 34. a4 Kh7 35. Rhc1 f5 36. Be6 f4+ 37. Kf2 Re7 38. Bd5 Ne8 39. b5 axb5 40. axb5 Rac7 41. Rxc7 Rxc7 42. Rxc7 Nxc7 43. b6 Na6 44. Ke2 Kg6 45. Kd3 Kf6 46. Kc4 Ke7 47. Bb7 Nb8 48. Kd5 Nd7 49. Bc6 Nxb6+ 50. Kxe5 Kf7 51. Kxf4 Nc4 52. Bd5+ 1-0

[Event "Brasilia FBX op"]
[Site "Brasilia"]
[Date "2015.02.28"]
[Round "2"]
[White "Januario, Severino Pereira"]
[Black "De Queiroz, Glauber Pimentel"]
[Result "1-0"]
[WhiteElo "2179"]
[BlackElo "1814"]
[PlyCount "109"]
[EventDate "2015.02.27"]
[EventType "swiss"]
[EventRounds "5"]
[EventCountry "BRA"]
[SourceTitle "CBM 165 Extra"]
[Source "ChessBase"]
[SourceDate "2015.04.21"]
[SourceVersion "1"]
[SourceVersionDate "2015.04.21"]
[SourceQuality "1"]

1. d4 d5 2. Nf3 Nf6 3. e3 g6 4. Bd3 Bg7 5. 0-0 0-0 6. Nbd2 b6 7. b3 Bb7 8. Bb2 Nbd7 9. Qe2 Ne4 10. c4 e6 11. Rac1 c5 12. Rc2 Rc8 13. Rfc1 Re8 14. cxd5 exd5 15. Ba6 Bxa6 16. Qxa6 Rc7 17. Qd3 Qa8 18. Nf1 Qb7 19. N3d2 Nxd2 20. Nxd2 Rec8 21. Nf3 Nf8 22. h3 Ne6 23. dxc5 Rxc5 24. Bxg7 Rxc2 25. Rxc2 Rxc2 26. Qxc2 Kxg7 27. Qc3+ f6 28. Qb4 Qd7 29. h4 h5 30. Qc3 Kf7 31. Qb4 Qc6 32. Qa3 a5 33. Qb2 b5 34. Qd2 b4 35. Qd3 Qc1+ 36. Kh2 Qc6 37. g3 Kg7 38. Kg1 Qc1+ 39. Kg2 Qc6 40. Kf1 Nc5 41. Qd4 Kh6 42. Qf4+ Kg7 43. Nd4 Qa6+ 44. Kg2 Qb6 45. g4 Nd3 46. Qg3 hxg4 47. Qxg4 Ne5 48. Qc8 f5 49. Ne6+ Kf6 50. Nf4 Qd6 51. Qh8+ Ke7 52. Qxe5+ Qxe5 53. Nxg6+ Kf6 54. Nxe5 Kxe5 55. f4+ 1-0

[Event "Brasilia-ch 53rd"]
[Site "Brasilia"]
[Date "2013.08.14"]
[Round "3"]
[White "De Queiroz, Glauber Pimentel"]
[Black "Nascimento, Pedro Henrique Alve"]
[Result "1-0"]
[WhiteElo "1818"]
[BlackElo "1847"]
[PlyCount "109"]
[EventDate "2013.08.12"]
[EventType "swiss"]
[EventRounds "9"]
[EventCountry "BRA"]
[SourceTitle "CBM 155 Extra"]
[Source "ChessBase"]
[SourceDate "2013.08.26"]
[SourceVersion "1"]
[SourceVersionDate "2013.08.26"]
[SourceQuality "1"]

1. Nf3 d5 2. g3 c6 3. Bg2 Bg4 4. d4 e6 5. Ne5 Bh5 6. 0-0 Bd6 7. Nd3 Nf6 8. Bf4 Be7 9. Nd2 0-0 10. Ne5 Nbd7 11. Ndf3 Rc8 12. c3 c5 13. Qb3 Qb6 14. Nxd7 Nxd7 15. Rfe1 Bxf3 16. Qxb6 axb6 17. Bxf3 cxd4 18. cxd4 Rc2 19. Rab1 f5 20. Rec1 Rc6 21. Rc3 Rfc8 22. Bd2 b5 23. Rxc6 bxc6 24. g4 g6 25. Rc1 c5 26. Bb4 Kf7 27. dxc5 Bxc5 28. Kg2 Rc7 29. gxf5 gxf5 30. Bh5+ Ke7 31. Bd2 Bb6 32. Rxc7 Bxc7 33. Bb4+ Bd6 34. Bxd6+ Kxd6 35. Be8 Ke7 36. Bxd7 Kxd7 37. f4 Kd6 38. Kf3 Kc5 39. Ke3 Kc4 40. b3+ Kc5 41. a4 b4 42. a5 Kb5 43. Kd4 Kxa5 44. Ke5 Kb5 45. Kxe6 Kc5 46. Ke5 d4 47. Kxf5 Kd5 48. h4 Kd6 49. Ke4 Ke6 50. Kxd4 Kf5 51. e3 Kg4 52. Ke4 Kxh4 53. Kf3 Kh5 54. e4 Kg6 55. Kg4 1-0

[Event "Brasilia Abertura op"]
[Site "Brasilia"]
[Date "2013.02.24"]
[Round "4"]
[White "De Queiroz, Glauber Pimentel"]
[Black "Nascimento, Davi da Silva"]
[Result "0-1"]
[WhiteElo "1826"]
[BlackElo "2114"]
[PlyCount "104"]
[EventDate "2013.02.22"]
[EventType "swiss"]
[EventRounds "5"]
[EventCountry "BRA"]
[SourceTitle "EXT 2014"]
[Source "ChessBase"]
[SourceDate "2013.11.20"]
[SourceVersion "1"]
[SourceVersionDate "2013.11.20"]
[SourceQuality "1"]

1. Nf3 Nf6 2. g3 g6 3. Bg2 Bg7 4. 0-0 0-0 5. d4 c6 6. c4 d5 7. Qc2 Bf5 8. Qb3 Qc8 9. Nh4 dxc4 10. Qxc4 Bh3 11. Rd1 Bxg2 12. Kxg2 Nbd7 13. Nc3 Nb6 14. Qd3 Nbd5 15. e4 Nxc3 16. bxc3 Nh5 17. Be3 e6 18. Rab1 b6 19. e5 Bh8 20. g4 Ng7 21. Bh6 Rd8 22. Qe4 c5 23. Nf3 cxd4 24. cxd4 Qc4 25. Rb2 Qd5 26. Qxd5 Rxd5 27. Rc2 Ne8 28. Rdc1 Rad8 29. Rc8 Bg7 30. Bg5 f6 31. exf6 Bxf6 32. Be3 Kf7 33. a4 R8d7 34. g5 Bg7 35. R8c6 Nd6 36. Bf4 Nf5 37. Be5 Nxd4 38. Nxd4 Rxe5 39. Nf3 Red5 40. Re1 e5 41. Re4 Re7 42. h4 h5 43. Kg3 Rb7 44. Kg2 a5 45. Rec4 Rdd7 46. Re4 Re7 47. Nd2 Re6 48. Rxe6 Kxe6 49. f4 b5 50. fxe5 bxa4 51. Re2 Rb2 52. Kf1 a3 0-1

[Event "BRA-ch sf"]
[Site "Brasilia"]
[Date "2012.05.27"]
[Round "6"]
[White "Maciel, Diogo Alves"]
[Black "De Queiroz, Glauber Pimentel"]
[Result "1/2-1/2"]
[WhiteElo "1742"]
[BlackElo "1912"]
[PlyCount "43"]
[EventDate "2012.05.19"]
[EventType "swiss"]
[EventRounds "7"]
[EventCountry "BRA"]
[SourceTitle "CBM 148 Extra"]
[Source "ChessBase"]
[SourceDate "2012.06.22"]
[SourceVersion "1"]
[SourceVersionDate "2012.06.22"]
[SourceQuality "1"]

1. e4 e5 2. Nf3 Nf6 3. d4 Nxe4 4. dxe5 d5 5. exd6 Nxd6 6. Nc3 Be7 7. Be3 0-0 8. Be2 Nc6 9. 0-0 Bf5 10. a3 Bf6 11. Qd2 g6 12. Rad1 Re8 13. Bc5 Ne4 14. Nxe4 Bxe4 15. c3 Qxd2 16. Rxd2 Rad8 17. Rfd1 Bxf3 18. Rxd8 Nxd8 19. Bxf3 Ne6 20. Be3 c5 21. h3 b6 22. Kf1 1/2-1/2

[Event "BRA-ch Amador"]
[Site "Brasilia"]
[Date "2012.03.31"]
[Round "5"]
[White "De Queiroz, Glauber Pimentel"]
[Black "De Arruda, Filho Ivo Pereira"]
[Result "1-0"]
[WhiteElo "1887"]
[BlackElo "1923"]
[PlyCount "99"]
[EventDate "2012.03.24"]
[EventType "swiss"]
[EventRounds "7"]
[EventCountry "BRA"]
[SourceTitle "EXT 2014"]
[Source "ChessBase"]
[SourceDate "2013.11.20"]
[SourceVersion "1"]
[SourceVersionDate "2013.11.20"]
[SourceQuality "1"]

1. Nf3 f5 2. c4 Nf6 3. d4 e6 4. g3 Bb4+ 5. Bd2 Qe7 6. Nc3 0-0 7. Bg2 Bxc3 8. bxc3 d5 9. 0-0 Nc6 10. a4 a5 11. Qc2 Bd7 12. Bf4 Rac8 13. Qb3 b6 14. Ne5 Be8 15. cxd5 Nxe5 16. Bxe5 Nxd5 17. Bxd5 exd5 18. Qxd5+ Bf7 19. Qf3 Qd7 20. Qf4 Bb3 21. Rfc1 Bxa4 22. c4 Bc6 23. d5 Bb7 24. f3 Rf7 25. Qd4 Re8 26. Ra2 Rfe7 27. f4 Rd8 28. Rd2 Rf7 29. Qb2 Ba8 30. c5 c6 31. dxc6 Qc8 32. cxb6 Rxd2 33. Qxd2 Qa6 34. Qd8+ Rf8 35. Qd5+ Rf7 36. b7 Bxb7 37. cxb7 Qxb7 38. Qxb7 Rxb7 39. Rc8+ Kf7 40. Rc7+ Rxc7 41. Bxc7 a4 42. Bd6 Ke6 43. Ba3 Kd5 44. Kf2 Ke4 45. e3 h5 46. h3 g6 47. Ke2 Kd5 48. Kd3 Kc6 49. Kc4 Kd7 50. Kd5 1-0

[Event "Brasilia Almeida Vas Memorial 16th"]
[Site "Brasilia"]
[Date "2012.02.29"]
[Round "3"]
[White "De Queiroz, Glauber Pimentel"]
[Black "De Arruda, Filho Ivo Pereira"]
[Result "1-0"]
[WhiteElo "1815"]
[BlackElo "1923"]
[PlyCount "47"]
[EventDate "2012.02.27"]
[EventType "swiss"]
[EventRounds "7"]
[EventCountry "BRA"]
[SourceTitle "CBM 147 Extra"]
[Source "ChessBase"]
[SourceDate "2012.04.24"]
[SourceVersion "1"]
[SourceVersionDate "2012.04.24"]
[SourceQuality "1"]

1. Nf3 d5 2. e3 Nf6 3. c4 e6 4. Nc3 g6 5. b3 Bg7 6. Ba3 Ne4 7. Rc1 c5 8. b4 b6 9. cxd5 exd5 10. Bb5+ Bd7 11. Qa4 Nxc3 12. dxc3 a6 13. Bxd7+ Qxd7 14. Qxd7+ Nxd7 15. 0-0 Rc8 16. Rfd1 Nf6 17. bxc5 bxc5 18. c4 dxc4 19. Rxc4 Bf8 20. Bb2 Rc6 21. Ne5 Rb6 22. Ba3 Rb5 23. Nc6 Nd7 24. Re4+ 1-0

[Event "Brasilia op"]
[Site "Brasilia"]
[Date "2012.??.??"]
[Round "5"]
[White "De Queiroz, Glauber Pimentel"]
[Black "Barbalho, Geisa Nascimento"]
[Result "1-0"]
[WhiteElo "1849"]
[BlackElo "1691"]
[PlyCount "75"]
[EventDate "2012.09.06"]
[EventType "swiss"]
[EventRounds "6"]
[EventCountry "BRA"]
[SourceTitle "CBM 150 Extra"]
[Source "ChessBase"]
[SourceDate "2012.10.19"]
[SourceVersion "1"]
[SourceVersionDate "2012.10.19"]
[SourceQuality "1"]

1. e4 Nf6 2. Nc3 d6 3. d4 g6 4. f3 Bg7 5. Be3 0-0 6. Qd2 c6 7. 0-0-0 Qc7 8. Bh6 b5 9. a3 Qa5 10. g4 b4 11. axb4 Qa1+ 12. Nb1 Na6 13. c3 Be6 14. h4 Bb3 15. Bxg7 Bxd1 16. h5 Qa4 17. Bd3 Bxf3 18. Nxf3 Nxg4 19. hxg6 Kxg7 20. gxh7 Rh8 21. Qg5+ Kf8 22. Qxg4 e6 23. e5 d5 24. Rg1 Ke7 25. Qg5+ Kd7 26. Nh2 Rab8 27. Rf1 Rbf8 28. Ng4 Kc7 29. Qe7+ Kb8 30. Nf6 Rc8 31. Nd7+ Ka8 32. Rxf7 Nc7 33. Nc5 Qa2 34. Nxe6 Kb7 35. Nxc7 Kb6 36. Qc5+ Kb7 37. Na6+ Ka8 38. Rxa7# 1-0

[Event "Brasilia op"]
[Site "Brasilia"]
[Date "2012.??.??"]
[Round "2"]
[White "Lebredo Zaragoitia, Gerardo"]
[Black "De Queiroz, Glauber Pimentel"]
[Result "1-0"]
[WhiteElo "2203"]
[BlackElo "1849"]
[PlyCount "79"]
[EventDate "2012.09.06"]
[EventType "swiss"]
[EventRounds "6"]
[EventCountry "BRA"]
[SourceTitle "CBM 150 Extra"]
[Source "ChessBase"]
[SourceDate "2012.10.19"]
[SourceVersion "1"]
[SourceVersionDate "2012.10.19"]
[SourceQuality "1"]

1. d4 Nf6 2. c4 d5 3. cxd5 Nxd5 4. g3 c6 5. Bg2 g6 6. e4 Nc7 7. Nc3 Bg7 8. Nge2 Bg4 9. Be3 Bxe2 10. Nxe2 e6 11. 0-0 Nd7 12. Qb3 Rb8 13. Rfd1 0-0 14. Rac1 Nf6 15. h3 Qe7 16. Nc3 Rfd8 17. Re1 Nfe8 18. d5 cxd5 19. exd5 b6 20. dxe6 Nxe6 21. Nd5 Rxd5 22. Bxd5 N8c7 23. Bf4 Nxd5 24. Bxb8 Qb7 25. Be5 Ng5 26. Bxg7 Kxg7 27. Red1 Nf6 28. Qc3 Nxh3+ 29. Kf1 Ng5 30. Rd4 Qh1+ 31. Ke2 Qh5+ 32. g4 Qh2 33. Qg3 Qh6 34. Rc6 Ne6 35. Rxe6 fxe6 36. Qc7+ Kh8 37. Rd8+ Ng8 38. Rd7 Nf6 39. Qe5 Qf8 40. g5 1-0